| 000 | 00609nam a2200145Ia 4500 | ||
|---|---|---|---|
| 008 | 250506s9999 xx 000 0 und d | ||
| 024 | _a10B-65-EE, 10b-86-EE, 10B-88-EE & 10B-90-EE | ||
| 082 | _a629.83072 DAN | ||
| 100 | _aDanyal Shahzad, Nafees Ahmed, M. Noman Ullah Khan & Touqeer Dar | ||
| 245 | 0 | _aMonitoring and Controlling of Electrical Distribution System | |
| 260 |
_aKarachi: _bUIT, _c2010 |
||
| 600 | _aElectronic Engineering | ||
| 650 | _aBachelor of Engineering (BE) | ||
| 856 |
_uhttps://drive.google.com/file/d/1kvMWOFuLv8AzTmLR3PS510inktcnSEeX/view?usp=sharing _yClick here to Online Reading |
||
| 999 |
_c28040 _d28040 |
||